000 00736nam a2200241 i 4500
001 C2-0273686
003 PPAK
005 20180728002959.0
008 060904s2006 xx a|||| ||||| | may d
040 _aPPAK
_beng
_cPPAK
_erda
082 0 4 _a915.95112
_223
090 0 0 _a915.95112
_bMEO
_dKK
100 0 _aMeor Mohd Khairi Idris,
_eauthor
245 1 0 _aEnak Beradu Di Tasik Pedu
264 1 _a[place of publication not identified] :
_b[publisher not identified] ,
_c2006
300 _a6 pages :
_billustrations ;
_c30 cm
336 _2rdacontent
_atext
337 _2rdamedia
_aunmediated
338 _2rdacarrier
_avolume
500 _aPetikan Dari Majalah Libur Julai 2006
650 1 0 _aDescription and travel
942 _ddc
_cB
999 _c81581
_d81581